00817nam a22002177a 4500003000400000005001700004008004100021020001800062040002100080050002500101100003400126245006400160260003500224300002300259650005700282650005600339650004900395942001500444952012300459999001700582OSt20260615094105.0260615b |||||||| |||| 00| 0 eng d a0-7619-3125-2 cChuka University aLB 1028.3b. T5 2004 aTileston, Donna Walker927992 aWhat Every teacher should know about bMedia and Technology aCaliforniabCorwin Pressc2004 a74 p.bIllustrated aEducational technology... handbooks , manuals929059 aInternet in education.... handbooks, manuals929060 aMedia literacy... handbooks , manuals929061 2lcccSLn0 00102lcc4070aCHKbCHKd2026-06-15g4540.00l0oLB 1028.3. T5 2004p34313/2026r2026-06-15 09:47:05w2026-06-15ySL c24216d24216